00719nam a2200241 a 4500001001300000003000900013005001700022008004100039020002300080082001600103100002400119245003700143260004300180300001000223500003500233505001000268650001400278700002400292902000800316942000700324952012900331999001700460nice12345678IN_TiNIC20260116014059.0140525s2009 oxfa grp 000 0 eng  a9781851685110c39500a297.4bCHI8 aChittick, William C aIbn`arabib Heir to the Prophets aOxford bOne World Publications c2009 a152p  aincludes index and biblioraphy2 aindex aIbn-Arabi1 aChittick, William C bSRS cBK 001040708StackRoom-aHMIbHMId2014-05-25g395.00l5o297.4 CHI8p024558r2026-01-05s2025-10-31v395.00w2014-05-25yBK c13787d13787